| 000 | 00817cam a2200253 a 4500 | ||
|---|---|---|---|
| 001 | 2523 | ||
| 005 | 20250814143417.0 | ||
| 020 | _a9781416958376 | ||
| 040 |
_aDLC _cDLC _dDLC _beng |
||
| 050 | 0 | 0 |
_aPZ7.A3174 _b2008 |
| 082 | 0 | 0 | _a407 |
| 100 | 1 | _aAlbee, Sarah | |
| 245 | 1 | 0 |
_aJourney around the world / _cby Sarah Albee ; illustrated by The Artifact Group |
| 250 | _aFirst Edition | ||
| 260 |
_aNew York : _bSimon Spotlight/Nick Jr., _c2008 |
||
| 300 |
_a20 unnumbered pages : _bcolor illustrations ; _c24 cm |
||
| 490 | 0 |
_aReady-to-read. Level 1 _vBook 11 |
|
| 505 | _aF | ||
| 520 | _aThe brave explorers know the world is round...but can they convince Queen Tasha? | ||
| 521 | 1 |
_a300
_bLexile |
|
| 521 | 1 |
_aF
_bRaz-Plus |
|
| 906 |
_a7 _bcbc _corignew _d1 _eecip _f20 _gy-gencatlg |
||
| 942 |
_2ddc _cBK _n0 |
||
| 999 |
_c2523 _d2523 |
||